[Event "21st Abu Dhabi Masters 2014"]
[Site "Abu Dhabi UAE"]
[Date "2014.08.21"]
[Round "2.31"]
[White "De Ramos, Julius"]
[Black "Sameir, Ramez"]
[Result "1-0"]
[WhiteTitle "FM"]
[WhiteElo "2342"]
[BlackElo "2113"]
[WhiteFideId "5200628"]
[BlackFideId "10606017"]
[EventDate "2014.08.20"]

1. c4 e6 2. Nc3 d5 3. e3 Nf6 4. Nf3 c6 5. b3 Nbd7 6. Bb2 Bd6 7. Qc2 O-O 8. Be2
Qe7 9. h3 e5 10. cxd5 cxd5 11. Nb5 Bb4 12. a3 Ba5 13. b4 Bb6 14. d4 e4 15. Ne5
Rd8 16. O-O Nf8 17. a4 Be6 18. a5 Rdc8 19. Qd2 Bd8 20. a6 b6 21. Rfc1 Ng6 22.
Nc6 Qd7 23. Ne5 Qe7 24. Rxc8 Rxc8 25. Rc1 Ne8 26. Kh2 Bc7 27. g3 Qf6 28. Bg4
Bxg4 29. hxg4 Nh4 30. Nxc7 Qxe5 31. dxe5 Nf3+ 32. Kg2 Nxd2 33. Nxe8 Rxe8 34. Rc7
Ra8 35. e6 f6 36. g5 Nc4 37. gxf6 Nxb2 38. Rxg7+ Kh8 39. e7 Nd3 40. f7 1-0

[Event "21st Abu Dhabi Masters 2014"]
[Site "Abu Dhabi UAE"]
[Date "2014.08.21"]
[Round "2.32"]
[White "Janahi, Zeyaad"]
[Black "Al-Zendani, Zendan"]
[Result "1-0"]
[WhiteTitle "FM"]
[BlackTitle "IM"]
[WhiteElo "2109"]
[BlackElo "2338"]
[WhiteFideId "11200073"]
[BlackFideId "9400249"]
[EventDate "2014.08.20"]

1. e4 c5 2. Nf3 d6 3. Bb5+ Nd7 4. O-O a6 5. Bxd7+ Bxd7 6. d4 cxd4 7. Qxd4 e5 8.
Qd3 h6 9. c4 Rc8 10. Nc3 Nf6 11. b3 Be7 12. a4 Qb6 13. a5 Qxb3 14. Nd2 Qb4 15.
Ba3 Qxa5 16. Bxd6 Qd8 17. Bxe5 O-O 18. Nd5 Nxd5 19. exd5 b5 20. Rxa6 bxc4 21.
Qg3 f6 22. Bc3 Bb5 23. Re6 Bd7 24. Ra6 Rf7 25. Ne4 Ra8 26. Rxa8 Qxa8 27. Rd1 f5
28. Nd6 f4 29. Qg6 Bxd6 30. Qxd6 f3 31. Rb1 Qa2 32. Qg6 1-0

[Event "21st Abu Dhabi Masters 2014"]
[Site "Abu Dhabi UAE"]
[Date "2014.08.21"]
[Round "2.33"]
[White "Asgarizadeh, Ahmad"]
[Black "Marwan, Abdulwahab"]
[Result "1-0"]
[BlackTitle "FM"]
[WhiteElo "2335"]
[BlackElo "2070"]
[WhiteFideId "12505684"]
[BlackFideId "9301410"]
[EventDate "2014.08.20"]

1. e4 c5 2. Nf3 e6 3. d4 cxd4 4. Nxd4 a6 5. c4 Nf6 6. Nc3 Bb4 7. Bd3 Nc6 8. Nc2
Be7 9. O-O d6 10. f4 Bd7 11. Be3 Rc8 12. Na4 Rb8 13. Nb6 e5 14. Nd5 b5 15. cxb5
axb5 16. Kh1 O-O 17. Nxe7+ Qxe7 18. f5 d5 19. Bg5 d4 20. Qe1 Qd6 21. Qh4 Rfc8
22. Rf3 Ne7 23. Rh3 Kf8 24. Bxf6 Qxf6 25. Qxh7 b4 26. b3 Rc3 27. Rg1 Bc6 28. Ne1
Ra8 29. Bb1 Bb5 30. Nc2 Rxh3 31. Qxh3 Qd6 32. Ne1 Rc8 33. Bd3 Bxd3 34. Nxd3 Rc3
35. Rd1 Ng8 36. Qg3 f6 37. Qf3 Rc2 38. h3 Qb6 39. Ra1 Qa5 40. Qd1 Rxa2 41. Rc1
Ne7 42. Kh2 Qa8 43. Qg4 Ra1 44. Rc7 Ra7 45. Nc5 1-0

[Event "21st Abu Dhabi Masters 2014"]
[Site "Abu Dhabi UAE"]
[Date "2014.08.21"]
[Round "2.34"]
[White "Laabi Chian, Majid"]
[Black "Fenil, Shah"]
[Result "1/2-1/2"]
[WhiteElo "2070"]
[BlackElo "2286"]
[WhiteFideId "12500224"]
[BlackFideId "5019850"]
[EventDate "2014.08.20"]

1. d4 d5 2. Bf4 Nf6 3. Nf3 c5 4. c3 Qb6 5. Qb3 Nc6 6. e3 c4 7. Qc2 Bf5 8. Qc1 e6
9. Nbd2 Qd8 10. Be2 Be7 11. O-O h6 12. Re1 O-O 13. Bd1 b5 14. Bc2 Bxc2 15. Qxc2
Nh5 16. Ne5 Nxe5 17. Bxe5 f6 18. Bg3 f5 19. Be5 Qe8 20. f3 Qg6 21. Kh1 Qh7 22.
b3 cxb3 23. axb3 a5 24. Qd3 b4 25. c4 f4 26. e4 Nf6 27. cxd5 Nxd5 28. Nc4 Bd8
29. Qd2 Nc3 30. Bxf4 Rf7 31. Ne5 Rb7 32. Qd3 g5 33. Bd2 Rc8 34. Nc4 Rd7 35. Bxc3
bxc3 36. Qxc3 Bb6 37. Rad1 Qg7 38. e5 Rd5 39. Qe3 Qa7 40. Qe4 Kg7 41. Nd6 Rd8
42. Qg4 Qe7 43. Re4 Bc7 44. Nc4 Rb5 45. f4 Rxb3 46. fxg5 hxg5 47. Rf1 Rf8 48.
Rfe1 a4 49. Nd2 Rb2 50. Nf3 Bd8 51. d5 a3 52. d6 Qf7 1/2-1/2

[Event "21st Abu Dhabi Masters 2014"]
[Site "Abu Dhabi UAE"]
[Date "2014.08.21"]
[Round "2.35"]
[White "Lorparizangeneh, Shahin"]
[Black "Khouri, Ahmed Abbas"]
[Result "1-0"]
[WhiteTitle "FM"]
[BlackTitle "FM"]
[WhiteElo "2277"]
[BlackElo "2032"]
[WhiteFideId "12521604"]
[BlackFideId "9301518"]
[EventDate "2014.08.20"]

1. Nf3 Nf6 2. c4 g6 3. Nc3 d5 4. cxd5 Nxd5 5. Qc2 Nc6 6. d4 Bg7 7. e4 Nb6 8. d5
Ne5 9. Nxe5 Bxe5 10. Bh6 Qd6 11. Nb5 Qb4+ 12. Bd2 Qxb2 13. Nxc7+ Kd8 14. Qxb2
Bxb2 15. Nxa8 Bxa1 16. Nxb6 axb6 17. Be3 Bc3+ 18. Kd1 Ba5 19. Bc4 Bd7 20. Ke2
Ba4 21. Kd3 f6 22. Rb1 Kc7 23. Bb5 Bxb5+ 24. Rxb5 Rd8 25. Bd4 Re8 26. f4 e5 27.
Bb2 Kd6 28. a4 g5 29. fxe5+ fxe5 30. Ba3+ Kd7 31. Rb1 Rc8 32. Rc1 Rg8 33. Rf1
Rg7 34. Rf5 h5 35. Rxe5 b5 36. axb5 Bc7 37. Rf5 Bxh2 38. e5 h4 39. e6+ Kd8 40.
Rf8+ Kc7 41. Rf7+ 1-0

[Event "21st Abu Dhabi Masters 2014"]
[Site "Abu Dhabi UAE"]
[Date "2014.08.21"]
[Round "2.36"]
[White "Kaboodi, Behrang"]
[Black "Mahdavirad, Mehdi"]
[Result "1-0"]
[WhiteElo "2060"]
[BlackElo "2276"]
[WhiteFideId "12504955"]
[BlackFideId "12502669"]
[EventDate "2014.08.20"]

1. d4 c5 2. d5 e5 3. e4 d6 4. g3 Be7 5. Bg2 Bg5 6. Nd2 Nf6 7. h4 Bxd2+ 8. Bxd2
O-O 9. Qe2 Re8 10. Nh3 Nbd7 11. g4 Nf8 12. g5 N6d7 13. h5 b5 14. g6 fxg6 15. Ng5
Nf6 16. hxg6 Nxg6 17. Bh3 Nf4 18. Bxf4 exf4 19. O-O-O Re5 20. Rdg1 Qe7 21. Qf3
Rxg5 22. Rxg5 Qxe4 23. Qd1 Bxh3 24. Rxh3 Re8 25. Qg1 Qe1+ 26. Qxe1 Rxe1+ 27. Kd2
Rb1 28. Rf5 b4 29. b3 Ra1 30. Rxf4 Rxa2 31. Re3 Kf7 32. Re6 Ra6 33. Rf5 Rb6 34.
Kd3 h6 35. Kc4 Kg6 36. Rf3 Kf7 37. Rfe3 h5 38. Re7+ Kf8 39. Rxa7 Ng4 40. Re4
Ne5+ 41. Rxe5 dxe5 42. Kxc5 Rb8 43. d6 h4 44. Kd5 h3 45. Ke6 Re8+ 46. Kd7 h2 47.
Ra1 Kf7 48. Rh1 Rh8 49. f3 Rh3 50. Kc7 Rh8 51. d7 1-0

[Event "21st Abu Dhabi Masters 2014"]
[Site "Abu Dhabi UAE"]
[Date "2014.08.21"]
[Round "2.37"]
[White "Sultan, Ibrahim"]
[Black "Primbetov, Kazbek"]
[Result "0-1"]
[WhiteTitle "FM"]
[WhiteElo "2023"]
[BlackElo "2256"]
[WhiteFideId "9301143"]
[BlackFideId "13702297"]
[EventDate "2014.08.20"]

1. d4 Nf6 2. c4 g6 3. Nc3 Bg7 4. e4 d6 5. f3 O-O 6. Be3 a6 7. Qd2 c6 8. Rc1 Nbd7
9. Bd3 e5 10. d5 Nc5 11. Bc2 a5 12. a3 cxd5 13. cxd5 a4 14. Bxc5 dxc5 15. Bxa4
h5 16. Nge2 Kh7 17. Rb1 Bh6 18. Qc2 h4 19. O-O Be3+ 20. Kh1 Nh5 21. g4 hxg3 22.
hxg3 Bh3 23. Qd3 Qg5 24. Kh2 Bxf1 25. Rxf1 Nf4 26. gxf4 exf4 27. Nd1 Rh8 28. Bd7
Kg7+ 0-1

[Event "21st Abu Dhabi Masters 2014"]
[Site "Abu Dhabi UAE"]
[Date "2014.08.21"]
[Round "2.38"]
[White "Faraj, Yahya"]
[Black "Hojjatova, Aydan"]
[Result "0-1"]
[WhiteTitle "FM"]
[BlackTitle "WCM"]
[WhiteElo "2247"]
[BlackElo "2014"]
[WhiteFideId "9400184"]
[BlackFideId "13401491"]
[EventDate "2014.08.20"]

1. Nf3 Nf6 2. c4 g6 3. Nc3 Bg7 4. e4 d6 5. d4 O-O 6. Be2 e5 7. d5 a5 8. O-O Na6
9. Ne1 Nc5 10. Qc2 Ne8 11. Nd3 Nxd3 12. Bxd3 f5 13. f3 f4 14. Bd2 g5 15. Be2 Nf6
16. Qd1 Qd7 17. Be1 h5 18. Kh1 Kh8 19. Bf2 b6 20. a3 g4 21. b4 Rg8 22. c5 g3 23.
hxg3 Bh6 24. gxf4 Rxg2 25. f5 Qg7 26. Rg1 Rxg1+ 27. Bxg1 h4 28. Qe1 h3 29. Bf1
Nh5 30. Bh2 axb4 31. Nb5 bxc5 32. Qh4 Qg5 33. Qxh3 Bd7 34. a4 b3 35. Bd3 Bxb5
36. Bxb5 b2 37. Rf1 c4 38. Bxc4 Rxa4 39. f6 Rxc4 40. Rg1 Rc1 41. Qc8+ Kh7 42.
Qd7+ Bg7 43. fxg7 Rxg1+ 44. Bxg1 Qh4+ 45. Kg2 Qg3+ 46. Kh1 Nxg7 47. Qb5 Qh3+ 48.
Bh2 Qxf3+ 49. Kg1 Qd1+ 0-1

[Event "21st Abu Dhabi Masters 2014"]
[Site "Abu Dhabi UAE"]
[Date "2014.08.21"]
[Round "2.39"]
[White "Villadelgado, Joemarie"]
[Black "Hakimifard, Ghazal"]
[Result "0-1"]
[BlackTitle "WIM"]
[WhiteElo "2002"]
[BlackElo "2232"]
[WhiteFideId "5214009"]
[BlackFideId "12506540"]
[EventDate "2014.08.20"]

1. b3 e5 2. Bb2 Nc6 3. e3 Nf6 4. Bb5 Bd6 5. Nf3 Qe7 6. d4 e4 7. Nfd2 O-O 8. a3
Re8 9. c4 Qd8 10. Nc3 a6 11. Ba4 Bf8 12. b4 d5 13. cxd5 Nxd5 14. Ncxe4 Qh4 15.
Qf3 Bd7 16. Bb3 Be6 17. O-O Rad8 18. h3 Kh8 19. Rfe1 Qh6 20. Ng3 Nce7 21. Ndf1
Ng6 22. Qh5 Qxh5 23. Nxh5 f5 24. Nh2 c6 25. Bc2 Nb6 26. Rad1 Nc4 27. Bc1 a5 28.
g4 fxg4 29. hxg4 axb4 30. axb4 Bxb4 31. Rf1 Bd5 32. Ng3 Bd6 33. Nf5 Bxh2+ 34.
Kxh2 Bf3 35. Rde1 Bxg4 36. Kg3 Bxf5 37. Bxf5 Rd5 38. e4 Rxd4 39. Rh1 Nf8 40. f3
Kg8 41. Reg1 g6 42. Kf2 Kf7 43. Bh3 Ra8 44. Bg5 Ra2+ 45. Kg3 Ra3 46. Rd1 Rxe4
47. Rhe1 Nd6 48. Rxd6 Rxe1 49. Rd7+ Nxd7 0-1

[Event "21st Abu Dhabi Masters 2014"]
[Site "Abu Dhabi UAE"]
[Date "2014.08.21"]
[Round "2.40"]
[White "Khouri, Ibrahim Mohamed"]
[Black "Al-Kaabi, Abdulla"]
[Result "1-0"]
[WhiteTitle "FM"]
[WhiteElo "2225"]
[BlackElo "1991"]
[WhiteFideId "9301526"]
[BlackFideId "9300520"]
[EventDate "2014.08.20"]

1. e4 c5 2. Nf3 e6 3. d4 cxd4 4. Nxd4 a6 5. Bd3 Nc6 6. Nxc6 dxc6 7. O-O e5 8.
Nd2 b5 9. a4 Be6 10. Nf3 f6 11. Qe2 Ne7 12. Be3 Ng6 13. axb5 axb5 14. c4 b4 15.
c5 Be7 16. Bc4 Rxa1 17. Rxa1 Qc8 18. Ra7 O-O 19. h4 Re8 20. h5 Nf4 21. Bxf4 exf4
22. Bxe6+ Qxe6 23. Nd4 f3 24. Qxf3 Qc4 25. Nf5 Qc1+ 26. Kh2 Qxc5 27. Qg3 g6 28.
hxg6 Qxa7 29. Qb3+ 1-0

[Event "21st Abu Dhabi Masters 2014"]
[Site "Abu Dhabi UAE"]
[Date "2014.08.21"]
[Round "2.41"]
[White "Zayed, Ali Al-hamed"]
[Black "Calzetta Ruiz, Monica"]
[Result "0-1"]
[BlackTitle "WGM"]
[WhiteElo "1983"]
[BlackElo "2221"]
[WhiteFideId "9303340"]
[BlackFideId "2204185"]
[EventDate "2014.08.20"]

1. e4 c5 2. Nf3 Nc6 3. d4 cxd4 4. Nxd4 g6 5. Nc3 Bg7 6. Be3 Nf6 7. Be2 O-O 8.
Qd2 d5 9. exd5 Nxd5 10. Nxd5 Nxd4 11. Bxd4 Qxd5 12. Bxg7 Qxg2 13. O-O-O Kxg7 14.
h4 Bf5 15. h5 Rac8 16. Bd3 Bxd3 17. Qxd3 Rfd8 18. h6+ Kf6 19. Qe3 Qg5 20. f4 Qc5
21. Qe2 e6 22. Qg2 b5 23. Rhe1 Ke7 24. Qh2 Rxd1+ 25. Rxd1 Qe3+ 26. Kb1 Rd8 27.
Qh4+ f6 28. Re1 Qd2 29. a3 Rd4 30. Rf1 Rc4 31. Qh1 Qxc2+ 32. Ka1 Qe4 33. Qg1 Qd4
34. Qg2 b4 35. Qb7+ Qd7 36. Qa6 Rxf4 37. Rc1 bxa3 38. bxa3 Ra4 39. Qe2 Rxa3+ 40.
Kb2 Ra5 0-1

[Event "21st Abu Dhabi Masters 2014"]
[Site "Abu Dhabi UAE"]
[Date "2014.08.21"]
[Round "2.42"]
[White "Mohammed, Tarig Elther"]
[Black "Zayan, Osama"]
[Result "0-1"]
[WhiteElo "2052"]
[BlackElo "2208"]
[WhiteFideId "12200964"]
[BlackFideId "10601180"]
[EventDate "2014.08.20"]

1. e4 c5 2. Nf3 Nc6 3. d4 cxd4 4. Nxd4 g6 5. c4 Nf6 6. Nc3 Nxd4 7. Qxd4 d6 8.
Be2 Bg7 9. Be3 O-O 10. Qd2 Be6 11. Rc1 a6 12. f3 b5 13. cxb5 axb5 14. Bxb5 Bxa2
15. Nxa2 Rxa2 16. Bc4 Ra8 17. O-O Qb8 18. Rb1 Rc8 19. Rfc1 Ra4 20. Qe2 h5 21. b4
e6 22. b5 d5 23. exd5 exd5 24. Bd3 Re8 25. Qc2 Rxe3 26. Qxa4 Qb6 27. Bf1 0-1

[Event "21st Abu Dhabi Masters 2014"]
[Site "Abu Dhabi UAE"]
[Date "2014.08.21"]
[Round "2.43"]
[White "Kryvoruchko, Vita"]
[Black "Mansour, Abbas"]
[Result "1-0"]
[WhiteTitle "WGM"]
[WhiteElo "2185"]
[BlackElo "1913"]
[WhiteFideId "14108917"]
[BlackFideId "9301402"]
[EventDate "2014.08.20"]

1. e4 e5 2. Nf3 Nc6 3. d4 exd4 4. c3 dxc3 5. Nxc3 Bb4 6. Bc4 Qf6 7. O-O Bxc3 8.
Bg5 Qg6 9. bxc3 Nh6 10. Qd2 f6 11. Bxh6 gxh6 12. Nd4 Qg5 13. Qe2 d6 14. Rab1 Ne5
15. f4 Bg4 16. fxg5 Bxe2 17. Bxe2 1-0

[Event "21st Abu Dhabi Masters 2014"]
[Site "Abu Dhabi UAE"]
[Date "2014.08.23"]
[Round "3.1"]
[White "Sumets, Andrey"]
[Black "Kryvoruchko, Yuriy"]
[Result "0-1"]
[WhiteTitle "GM"]
[BlackTitle "GM"]
[WhiteElo "2622"]
[BlackElo "2708"]
[WhiteFideId "14105500"]
[BlackFideId "14109182"]
[EventDate "2014.08.20"]

1. d4 Nf6 2. c4 e6 3. Nf3 d5 4. Nc3 c6 5. e3 a6 6. a3 Nbd7 7. Qc2 g6 8. e4 dxe4
9. Nxe4 Nxe4 10. Qxe4 Bg7 11. Be2 O-O 12. Bg5 Qe8 13. Bf4 c5 14. Bd6 f5 15. Qc2
cxd4 16. O-O e5 17. c5 Kh8 18. c6 bxc6 19. Qxc6 Rb8 20. Bxb8 Nxb8 21. Qc7 Bd7
22. Bc4 e4 23. Ng5 h6 24. Nf7+ Kh7 25. f4 Qc8 26. Qxc8 Rxc8 27. b3 d3 28. Ne5
Bxe5 29. fxe5 Re8 30. Kf2 f4 31. g3 g5 32. gxf4 gxf4 33. Ke1 f3 34. Kd2 Bc6 35.
e6 Kg6 36. Ke3 Kf6 0-1

[Event "21st Abu Dhabi Masters 2014"]
[Site "Abu Dhabi UAE"]
[Date "2014.08.23"]
[Round "3.2"]
[White "Areshchenko, Alexander"]
[Black "Vidit, Santosh Gujrathi"]
[Result "0-1"]
[WhiteTitle "GM"]
[BlackTitle "GM"]
[WhiteElo "2684"]
[BlackElo "2602"]
[WhiteFideId "14109530"]
[BlackFideId "5029465"]
[EventDate "2014.08.20"]

1. e4 e6 2. d4 d5 3. e5 c5 4. c3 Nc6 5. Nf3 Qb6 6. a3 Bd7 7. b4 cxd4 8. cxd4 Rc8
9. Be2 Nge7 10. O-O Nf5 11. Bb2 Be7 12. Kh1 h5 13. Nc3 Na5 14. Na4 Qc6 15. Nc5
Nc4 16. Bc1 b6 17. Nxd7 Kxd7 18. Bd3 Kc7 19. g3 Kb7 20. h4 b5 21. Re1 Bd8 22. a4
a6 23. axb5 axb5 24. Bxf5 exf5 25. Qc2 g6 26. Qa2 Bb6 27. Qa6+ Kc7 28. Bf4 Kd7
29. Qa2 Ra8 30. Qe2 Rxa1 31. Rxa1 Ra8 32. Re1 Re8 33. Kh2 Re6 34. Ng5 Bxd4 35.
Rd1 Bb6 36. Nxf7 d4 37. Ng5 Re7 38. e6+ Kc8 39. Be5 Rxe6 40. Nxe6 Qxe6 41. f4
Ne3 42. Rc1+ Kb7 43. Qf3+ Qd5 44. Qxd5+ Nxd5 45. Bxd4 Bxd4 46. Rd1 Nxb4 47. Rxd4
Nc6 48. Rd5 b4 49. Kg2 Kb6 50. Kf2 b3 51. Rd3 Na5 52. Ke2 b2 53. Rd1 Nc4 54. Rb1
Kc5 55. Kd3 Kb4 56. Kd4 Kb3 57. Re1 Nd2 0-1

[Event "21st Abu Dhabi Masters 2014"]
[Site "Abu Dhabi UAE"]
[Date "2014.08.23"]
[Round "3.3"]
[White "Gopal, G.N."]
[Black "Kuzubov, Yuriy"]
[Result "1/2-1/2"]
[WhiteTitle "GM"]
[BlackTitle "GM"]
[WhiteElo "2558"]
[BlackElo "2667"]
[WhiteFideId "5015693"]
[BlackFideId "14112906"]
[EventDate "2014.08.20"]

1. e4 c5 2. Nf3 d6 3. d4 cxd4 4. Nxd4 Nf6 5. Nc3 a6 6. h3 e5 7. Nde2 Be6 8. g4
Nbd7 9. Bg2 h6 10. O-O Rc8 11. a4 Be7 12. Be3 O-O 13. a5 Ne8 14. Ng3 Bg5 15. Nf5
Bxe3 16. Nxe3 Rc5 17. Nf5 Rxa5 18. Rxa5 Qxa5 19. Nxd6 Qb4 20. Nxe8 Rxe8 21. Qa1
Rc8 22. Rd1 Nf8 23. Nd5 Bxd5 24. c3 Qd6 25. exd5 Ng6 26. Qa3 Rc5 27. c4 a5 28.
Bf1 b6 29. b4 Rc8 30. Qb3 axb4 31. Rb1 Nh4 32. Qxb4 Qg6 33. Qxb6 Qe4 34. Ra1
Nf3+ 35. Kg2 Nd4+ 36. Kg1 Qf4 37. Kg2 h5 38. gxh5 Qe4+ 39. Kg1 Rxc4 40. Bxc4
Nf3+ 41. Kg2 Nh4+ 42. Kf1 Qxc4+ 43. Kg1 Qxd5 44. Qb8+ Kh7 45. Qb1+ e4 46. Ra3 f5
47. Rg3 Nf3+ 48. Rxf3 exf3 49. Qb8 Qe4 50. Kh2 f4 51. Qd6 Qe2 52. Qd4 Qc2 53. h6
gxh6 54. Qd7+ Kh8 55. Qe8+ Kg7 56. Qe7+ Kg8 57. Qe8+ Kg7 58. Qe7+ Kg8 59. Qe8+ 1/2-1/2

[Event "21st Abu Dhabi Masters 2014"]
[Site "Abu Dhabi UAE"]
[Date "2014.08.23"]
[Round "3.4"]
[White "Istratescu, Andrei"]
[Black "Salem, A.R. Saleh"]
[Result "1/2-1/2"]
[WhiteTitle "GM"]
[BlackTitle "GM"]
[WhiteElo "2656"]
[BlackElo "2591"]
[WhiteFideId "1200372"]
[BlackFideId "9301348"]
[EventDate "2014.08.20"]

1. Nf3 d5 2. g3 Nc6 3. Bg2 e5 4. d3 Nge7 5. O-O g6 6. c4 dxc4 7. dxc4 Qxd1 8.
Rxd1 Be6 9. Na3 f6 10. Nb5 Rc8 11. b3 Bg7 12. Bb2 Kf7 13. h3 h5 14. h4 Rhe8 15.
Nd2 Bf8 16. Ne4 Nf5 17. e3 a6 18. Nbc3 Nb8 19. Na4 Nd7 20. Rac1 Red8 21. c5 b5
22. cxb6 cxb6 23. Bf1 b5 24. Nac3 Be7 25. Be2 Nb6 26. Kf1 Rxd1+ 27. Nxd1 b4 28.
Rxc8 Bxc8 29. Bc1 a5 30. Nb2 Be6 31. Bd3 Bd5 32. Ke2 Bxe4 33. Bxe4 Nd6 34. Bc6
e4 35. Na4 Nxa4 36. bxa4 Ke6 37. Bb2 f5 38. Bd4 Bf6 39. Bc5 Be7 40. Bxd6 1/2-1/2

[Event "21st Abu Dhabi Masters 2014"]
[Site "Abu Dhabi UAE"]
[Date "2014.08.23"]
[Round "3.5"]
[White "Abasov, Nijat"]
[Black "Efimenko, Zahar"]
[Result "1/2-1/2"]
[WhiteTitle "GM"]
[BlackTitle "GM"]
[WhiteElo "2527"]
[BlackElo "2641"]
[WhiteFideId "13402960"]
[BlackFideId "14107201"]
[EventDate "2014.08.20"]

1. d4 Nf6 2. c4 e6 3. g3 d5 4. Nf3 Bb4+ 5. Bd2 Be7 6. Bg2 c6 7. O-O O-O 8. Qc2
Nbd7 9. Rd1 b6 10. Bf4 Ba6 11. Ne5 Rc8 12. cxd5 Nxd5 13. Nc3 Nxc3 14. bxc3 Nxe5
15. Bxe5 Bc4 16. Be4 h6 17. Bh7+ Kh8 18. Bd3 Bxd3 19. Qxd3 f6 20. Bf4 Bd6 21.
Bxd6 Qxd6 22. a4 c5 23. a5 cxd4 24. axb6 axb6 25. cxd4 Rfd8 26. Rab1 Rc6 27. e4
Qd7 28. Qb5 Qb7 29. d5 Rcd6 30. Re1 exd5 31. exd5 Qxd5 32. Qxd5 Rxd5 33. Rxb6 1/2-1/2

[Event "21st Abu Dhabi Masters 2014"]
[Site "Abu Dhabi UAE"]
[Date "2014.08.23"]
[Round "3.6"]
[White "Rakhmanov, Aleksandr"]
[Black "Lalith, Babu M.R."]
[Result "1-0"]
[WhiteTitle "GM"]
[BlackTitle "GM"]
[WhiteElo "2626"]
[BlackElo "2565"]
[WhiteFideId "4173708"]
[BlackFideId "5024595"]
[EventDate "2014.08.20"]

1. d4 Nf6 2. c4 e6 3. Nc3 Bb4 4. e3 O-O 5. Bd3 d5 6. Ne2 dxc4 7. Bxc4 b6 8. a3
Bxc3+ 9. Nxc3 Bb7 10. O-O Nbd7 11. f3 c5 12. e4 cxd4 13. Qxd4 Rc8 14. Bg5 Qc7
15. Be2 Rfd8 16. Rad1 Ne5 17. Qe3 Nc4 18. Bxc4 Qxc4 19. Qf4 Qc5+ 20. Kh1 e5 21.
Qh4 Qe7 22. h3 Ba6 23. Bxf6 Qxf6 24. Qxf6 gxf6 25. Rxd8+ Rxd8 26. Rd1 Rxd1+ 1-0

[Event "21st Abu Dhabi Masters 2014"]
[Site "Abu Dhabi UAE"]
[Date "2014.08.23"]
[Round "3.7"]
[White "Wang, Hao"]
[Black "Horvath, Adam1"]
[Result "0-1"]
[WhiteTitle "GM"]
[BlackTitle "GM"]
[WhiteElo "2730"]
[BlackElo "2536"]
[WhiteFideId "8602883"]
[BlackFideId "708003"]
[EventDate "2014.08.20"]

1. c4 Nf6 2. Nc3 e5 3. Nf3 Nc6 4. g3 Nd4 5. Bg2 Nxf3+ 6. Bxf3 Bb4 7. O-O O-O 8.
Qb3 Bc5 9. Na4 Be7 10. d4 d6 11. Rd1 exd4 12. Rxd4 Nd7 13. Bf4 Bf6 14. Rd2 Be5
15. Be3 Qe7 16. Rad1 h6 17. Nc3 Nf6 18. Nd5 Nxd5 19. cxd5 a5 20. Rc1 a4 21. Qb4
Bf5 22. Bd4 Rfc8 23. Bxe5 Qxe5 24. Bg2 b6 25. e4 Bd7 26. Rdc2 Ra7 27. Qd2 Qf6
28. f4 Qd8 29. e5 Bf5 30. Rc6 Ra5 31. R6c4 Rc5 32. Rxa4 Qe8 33. Rxc5 bxc5 34.
Ra5 Rb8 35. Qe2 Rb4 36. h3 Qb8 37. b3 c4 38. Kh2 c3 39. Qe3 c2 40. Ra6 Rd4 41.
Rc6 Rd3 42. Qe2 Rd1 43. Rxc2 Bxc2 44. Qxc2 Re1 45. Qd2 Ra1 46. Qb2 Re1 47. Qf2
Qb4 48. e6 Kf8 49. f5 Qc3 50. h4 Qe3 51. Qc2 Rc1 52. Qb2 Rc3 53. g4 0-1

[Event "21st Abu Dhabi Masters 2014"]
[Site "Abu Dhabi UAE"]
[Date "2014.08.23"]
[Round "3.8"]
[White "Petrosian, Tigran L."]
[Black "Vaibhav, Suri"]
[Result "1-0"]
[WhiteTitle "GM"]
[BlackTitle "GM"]
[WhiteElo "2641"]
[BlackElo "2521"]
[WhiteFideId "13301616"]
[BlackFideId "5045185"]
[EventDate "2014.08.20"]

1. c4 e5 2. Nc3 Nf6 3. Nf3 Nc6 4. g3 d5 5. cxd5 Nxd5 6. Bg2 Nb6 7. O-O Be7 8. d3
O-O 9. a3 Be6 10. Be3 f6 11. Rc1 Qd7 12. Ne4 Nd5 13. Bc5 b6 14. Bxe7 Ncxe7 15.
d4 exd4 16. Nxd4 Bf7 17. b4 c6 18. Nc3 Rfd8 19. Nxd5 cxd5 20. e3 Rac8 21. Bf3
Rxc1 22. Qxc1 Rc8 23. Qd1 Be6 24. h4 Rc7 25. Re1 Bf7 26. Bg4 Qe8 27. Be2 Qd7 28.
Bg4 Qe8 29. Qb1 Ng6 30. Bf5 Qe7 31. h5 Nf8 32. Bg4 Qe5 33. h6 gxh6 34. Rc1 Qe4
35. Bf5 Qxb1 36. Rxb1 Bg6 37. Rd1 a6 38. Bg4 Rc3 39. Ra1 Kf7 40. Kf1 Ke7 41. Ke1
h5 42. Bh3 Nd7 43. Bxd7 Kxd7 44. Kd2 Rd3+ 45. Ke2 Rc3 46. Kf3 Kd6 47. Kf4 Be4
48. Rd1 Bg6 49. Rh1 Kd7 50. Ra1 Kd6 51. Ra2 Kd7 52. a4 Rc4 53. Rb2 Kd6 54. Kf3
a5 55. bxa5 bxa5 56. Rb6+ Ke7 57. Nc6+ Kd6 58. Nxa5+ Kc5 59. Rb5+ Kd6 1-0

[Event "21st Abu Dhabi Masters 2014"]
[Site "Abu Dhabi UAE"]
[Date "2014.08.23"]
[Round "3.9"]
[White "Barnaure, Vlad-Victor"]
[Black "Gupta, Abhijeet"]
[Result "1/2-1/2"]
[WhiteTitle "IM"]
[BlackTitle "GM"]
[WhiteElo "2513"]
[BlackElo "2638"]
[WhiteFideId "1210610"]
[BlackFideId "5010608"]
[EventDate "2014.08.20"]

1. d4 Nf6 2. Nf3 g6 3. g3 Bg7 4. Bg2 d5 5. O-O O-O 6. c4 c6 7. cxd5 cxd5 8. Nc3
e6 9. e3 b6 10. Re1 Bb7 11. b3 Ne4 12. Nxe4 dxe4 13. Nd2 f5 14. Ba3 Rf7 15. Rc1
Rd7 16. Bf1 a6 17. Rc2 Nc6 18. Qc1 Ne7 19. Bxe7 Rxe7 20. a4 Rd7 21. Nc4 Rc8 22.
Qb1 Rdc7 23. Rec1 Bf6 24. Nd2 Kf7 25. Rxc7+ Rxc7 26. Rxc7+ Qxc7 27. Bc4 Qc6 28.
Qf1 Qc8 29. Nb1 g5 30. Nc3 Kg7 31. Qe2 h6 32. Na2 Be7 33. Nc3 Kg6 34. Qd1 Bd6
35. Qe2 h5 36. Qd1 g4 37. Qf1 h4 38. Ne2 h3 39. Nf4+ Bxf4 40. gxf4 a5 41. Qa1
Kf7 42. Qa2 Bd5 43. Kf1 Bc6 44. Qa3 Bd5 45. Qa2 Qc7 46. Ke2 Qd6 47. Bxd5 exd5
48. Qc2 Qd7 49. Qc3 Ke6 50. Ke1 Kd6 51. Qc1 Qe8 52. Qc2 Qa8 53. Qe2 Qc6 1/2-1/2

[Event "21st Abu Dhabi Masters 2014"]
[Site "Abu Dhabi UAE"]
[Date "2014.08.23"]
[Round "3.10"]
[White "Pashikian, Arman"]
[Black "Shyam, Nikil P."]
[Result "1-0"]
[WhiteTitle "GM"]
[BlackTitle "IM"]
[WhiteElo "2631"]
[BlackElo "2469"]
[WhiteFideId "13301578"]
[BlackFideId "5024218"]
[EventDate "2014.08.20"]

1. d4 Nf6 2. Nf3 c5 3. d5 b5 4. Bg5 Ne4 5. Bf4 Bb7 6. a4 b4 7. e3 g6 8. Bc4 Bg7
9. Qd3 f5 10. Be5 Bxe5 11. Nxe5 d6 12. Nf3 e6 13. Nbd2 Nf6 14. e4 exd5 15. exd5
Nh5 16. O-O O-O 17. Rfe1 Nd7 18. a5 Rb8 19. Bb3 Ng7 20. h3 Re8 21. Re3 Rxe3 22.
Qxe3 Qf6 23. a6 Bc8 24. Nc4 Nb6 25. Qh6 Nh5 26. Ng5 Qg7 27. Qxg7+ Kxg7 28. Nxd6
h6 29. Nf3 Nf6 30. Re1 1-0